| 000 | 01190nam0a22002891 4500 | ||
|---|---|---|---|
| 001 | rc\3408877 | ||
| 005 | 20260406161317.0 | ||
| 021 |
_aRU _b[73-32083] |
||
| 035 | _a(NLR Aleph) 007577047 | ||
| 090 |
_a5467518 _c5467518 |
||
| 100 | _a20130115d1972 |||y0rusy50 ca | ||
| 101 | 0 |
_arus _aeng _afre _aspa _ager |
|
| 102 | _aRU | ||
| 105 | _ay e ||||| | ||
| 200 | 1 |
_aРусский язык для всех _eСловарь [рус.-англ., рус.-фр., рус.-исп., рус.-нем. _eОколо 3000 слов] _fНауч.-метод. центр. рус. яз. |
|
| 210 |
_aМосква _cПрогресс _d[1972] |
||
| 215 |
_a271 с. _d21 |
||
| 608 |
_aРусско-испанские словари _2psbo |
||
| 608 |
_aРусско-немецкие словари _2psbo |
||
| 608 |
_aРусско-французские словари _2psbo |
||
| 608 |
_aРусско-английские словари _2psbo |
||
| 712 | 0 | 2 |
_aНаучно-методический центр русского языка _cМосква _3RU\NLR\AUTH\889932680 _9360620 |
| 801 | 0 |
_aRU _bNLR _gpsbo |
|
| 801 | 1 |
_aRU _bELAR _2rusmarc |
|
| 852 |
_aNLR _j186Полигл./Р-89 |
||
| 942 | _cBOOK | ||
| 980 | _aNB | ||